Les meilleures pays en matière d'éducation du monde - Statistiques

Statistiques générales
  • Ce quiz a été pris 783 fois
  • Le résultat moyen est 5 sur 10
Statistiques - réponses
Rangs Pays % Correct
2 Japon
79%
8 Allemagne
69%
5 Norvège
63%
3 Corée du Sud
60%
10 Royaume-Uni
60%
4 Finlande
58%
1 Australie
45%
7 Pays-Bas
34%
9 Irlande
33%
6 Singapour
23%
Aucun quiz correspondant
Distribution des résultats
% des personnes avec chaque résultat
Percentile par nombre de réponses
Votre historique - résultats
Vous n’avez pas pris ce quiz